Chanakya: (Record no. 206162)

MARC details
000 -LEADER
fixed length control field 00653nam a22001937a 4500
005 - DATE AND TIME OF LATEST TRANSACTION
control field 20241008121652.0
010 ## - LCCN (DPL NO)
LC control number ENG-141954
020 ## - INTERNATIONAL STANDARD BOOK NUMBER
Terms of availability 175.00
International Standard Book Number 9789381448984
035 ## - SYSTEM CONTROL NUMBER
System control number EN-125486
037 ## - SOURCE OF ACQUISITION
Source of stock number/acquisition DBAD
082 ## - DEWEY DECIMAL CLASSIFICATION NUMBER
Classification number 170
100 ## - MAIN ENTRY--PERSONAL NAME
Personal name Prasoon, Shrikant
245 ## - TITLE STATEMENT
Title Chanakya:
Remainder of title Rules of Governance by the Guru of Governance/
Statement of responsibility, etc by Shrikant Prasoon
250 ## - EDITION STATEMENT
Edition statement 1
260 ## - PUBLICATION, DISTRIBUTION, ETC. (IMPRINT)
Place of publication, distribution, etc New Delhi
Name of publisher, distributor, etc V&S Publishers
Date of publication, distribution, etc 2011
270 ## - ADDRESS
Address F-216, Ansari Road, Daryaganj
City New Delhi
Postal code 110002
Telephone number 011-23240026
-- 011-23240027
Fax number 011-23240028
Electronic mail address info@vspublishers.com
300 ## - PHYSICAL DESCRIPTION
Extent 244p.
Dimensions 20cm(pb)
942 ## - ADDED ENTRY ELEMENTS (KOHA)
Source of classification or shelving scheme Dewey Decimal Classification
Item type English Books
Classification part 170
Call number suffix SHR
Holdings
Withdrawn status Lost status Not for loan Collection code Home library Current library Date acquired Source of acquisition Cost, normal purchase price Full call number Barcode Copy number Cost, replacement price Koha item type
      Non-fiction Sarojini Nagar Sarojini Nagar 08/10/2024 Delivery of Books Act Division 175.00 170 SHR EN-125486 1 175.00 English Books

© Delhi Public Library
Hit Counter
free hit counter